[Event "AUTO-MASTER-3281"]
[Site "http://www.queenalice.com/game.php?id=1863095"]
[Date "2025.9.18"]
[Round "1"]
[White "CCapivara"]
[Black "pomar"]
[Result "0-1"]
[WhiteElo "2277"]
[BlackElo "1899"]

1. e4 e6 2. d4 d5 3. exd5 Qxd5 4. Nf3 Nf6 5. Bd3 Nc6 6. c4 Qh5 7. O-O Be7 8. Nc3
O-O 9. h3 b6 10. Bf4 Bd6 11. Bxd6 cxd6 12. Rc1 Bb7 13. a3 Rac8 14. Re1 Na5 15.
Ne4 Nxe4 16. Bxe4 Bxe4 17. Rxe4 Nxc4 18. Qa4 Nxb2 0-1

[Event "AUTO-MASTER-3281"]
[Site "http://www.queenalice.com/game.php?id=1863096"]
[Date "2025.9.18"]
[Round "1"]
[White "pomar"]
[Black "Capixabba789"]
[Result "0-1"]
[WhiteElo "1929"]
[BlackElo "1909"]

1. f3 d5 2. Kf2 e5 3. e3 f5 4. g3 Nf6 5. c4 Bc5 6. cxd5 O-O 7. Nc3 Kh8 8. Qb3 f4
9. Kg2 Na6 10. e4 Qd7 11. Bxa6 bxa6 12. h4 a5 13. g4 Qf7 14. d3 Ba6 15. Na4 Rab8
16. Qc3 Bd4 17. Qxa5 Bxd3 18. Nc3 Bxc3 19. bxc3 Qg6 20. Qxc7 Bxe4 21. Qxe5 Bxd5
22. Bxf4 Qxg4+ 23. Bg3 Qg6 24. Nh3 Bxf3+ 25. Kg1 Bxh1 26. Kxh1 Rbe8 27. Qc7 Ne4
28. Bh2 Qg4 29. Ng5 Nf2# 0-1

[Event "AUTO-MASTER-3281"]
[Site "http://www.queenalice.com/game.php?id=1863097"]
[Date "2025.9.18"]
[Round "1"]
[White "Capixabba789"]
[Black "pomar"]
[Result "1-0"]
[WhiteElo "1938"]
[BlackElo "1862"]

1. d4 e6 2. Nc3 d5 3. f4 c5 4. Nf3 a6 5. e3 Bd7 6. Be2 Qb6 7. O-O Nc6 8. Kh1 Nf6
9. Na4 cxd4 10. Nxb6 Ra7 11. Nxd7 Kxd7 12. exd4 Ne4 13. Ne5+ Ke8 14. f5 Be7 15.
fxe6 fxe6 16. Bh5+ g6 17. Bf3 Nxe5 18. dxe5 Nc5 19. b4 Nd7 20. c3 b5 21. Bg4 Rc7
22. Bxe6 Rxc3 23. Bf7+ Kd8 24. Qxd5 Bxb4 25. e6 Rc7 26. Bg5+ Kc8 27. Qa8+ Nb8
28. Rac1 Bd6 29. Rxc7+ Kxc7 30. Rc1+ Kb6 31. Rc6+ Nxc6 32. Qxh8 a5 33. Qxh7 b4
34. Qxg6 Ne7 35. Qd3 Bc5 36. Bxe7 Bxe7 37. Qc4 a4 38. h4 Ka5 39. h5 a3 40. h6 b3
41. Qxb3 1-0

[Event "AUTO-OPEN-4615"]
[Site "http://www.queenalice.com/game.php?id=1863170"]
[Date "2025.9.19"]
[Round "1"]
[White "jpribeiro"]
[Black "pomar"]
[Result "0-1"]
[WhiteElo "1345"]
[BlackElo "1876"]

1. e4 e6 2. d4 d5 3. Nc3 Bb4 4. e5 c5 5. a3 cxd4 6. Qxd4 Nc6 7. Qg4 Nxe5 8. Qxb4
Qc7 9. Nb5 Qb6 10. Be3 Qd8 11. Nd6+ Kd7 12. Bb5+ Nc6 13. Bxc6+ bxc6 14. Nxf7 Qf6
15. Qd6+ Ke8 16. Nxh8 Bd7 17. O-O-O e5 18. Qxf6 Nxf6 19. Nf3 e4 20. Ng5 h6 21.
Ngf7 Be6 22. Ne5 Ke7 23. Nhg6+ Kd6 24. Bf4 Nh5 25. Nc4+ Kc5 26. Nd2 Bf5 27. Be3+
Kd6 28. Nh4 Bh7 29. g4 Nf6 30. Nc4+ Kc7 31. Bf4+ Kb7 32. Na5+ Kb6 33. Nb3 c5 0-1

[Event "AUTO-OPEN-4615"]
[Site "http://www.queenalice.com/game.php?id=1863171"]
[Date "2025.9.19"]
[Round "1"]
[White "pomar"]
[Black "jpribeiro"]
[Result "1-0"]
[WhiteElo "1896"]
[BlackElo "1322"]

1. f3 e5 2. Kf2 Bc5+ 3. e3 d5 4. g3 Nf6 5. d4 exd4 6. exd4 Bb6 7. Be3 O-O 8. Bh3
Bxh3 9. Nxh3 Qd7 10. Kg2 Qd6 11. Bf4 Qb4 12. b3 Qxd4 13. c3 Qxd1 14. Rxd1 Nh5
15. Rxd5 Nxf4+ 16. Nxf4 Nc6 17. Na3 Rad8 18. Rad1 Rxd5 19. Nxd5 Bc5 20. Nc2 Bd6
21. Re1 f6 22. Nce3 Re8 23. Kf2 Ne5 24. Rd1 Bc5 25. Nxc7 Re7 26. Rd8+ Kf7 27.
Nd5 Rd7 28. Rc8 b6 29. b4 Rxd5 30. bxc5 Rd2+ 31. Kf1 Rxa2 32. cxb6 axb6 33. f4
Nf3 34. h4 Nd2+ 35. Ke2 Nc4+ 36. Kd3 Nxe3 37. Kxe3 Rg2 38. Kf3 Rd2 39. f5 1-0

[Event "AUTO-OPEN-4615"]
[Site "http://www.queenalice.com/game.php?id=1863194"]
[Date "2025.9.19"]
[Round "1"]
[White "pomar"]
[Black "Givanildo"]
[Result "1-0"]
[WhiteElo "1818"]
[BlackElo "1379"]

1. f3 d5 2. Kf2 e5 3. e3 d4 4. d3 Bc5 5. e4 h6 6. g3 Nf6 7. Bh3 Bxh3 8. Nxh3
Nbd7 9. Kg2 Qe7 10. Rf1 Nh5 11. f4 g6 12. fxe5 Nxe5 13. Nf4 Nxf4+ 14. Bxf4 Nc6
15. Qg4 g5 16. Bc1 Ne5 17. Qf5 Rf8 18. Nd2 h5 19. Nf3 1-0

[Event "AUTO-OPEN-4615"]
[Site "http://www.queenalice.com/game.php?id=1863195"]
[Date "2025.9.19"]
[Round "1"]
[White "Givanildo"]
[Black "pomar"]
[Result "0-1"]
[WhiteElo "1377"]
[BlackElo "1820"]

1. d4 e6 2. Bf4 d5 3. a3 c5 4. e3 Qb6 5. c3 Qxb2 6. Nd2 Qxc3 7. Rc1 Qxa3 8. Bb5+
Bd7 9. Bxd7+ Nxd7 10. Ne2 cxd4 11. Nxd4 Qd3 12. N4b3 Bb4 13. Rc2 e5 14. Nc1 Qg6
15. O-O exf4 16. exf4 Ne7 17. Nf3 O-O 18. Nh4 Qe4 0-1

[Event "AUTO-OPEN-4615"]
[Site "http://www.queenalice.com/game.php?id=1863196"]
[Date "2025.9.19"]
[Round "1"]
[White "pomar"]
[Black "tariann"]
[Result "0-1"]
[WhiteElo "1844"]
[BlackElo "2299"]

1. f3 e5 2. Kf2 d5 3. e3 Bc5 4. d4 exd4 5. exd4 Qh4+ 6. g3 Qxd4+ 7. Qxd4 Bxd4+
8. Kg2 Nf6 9. c3 Bb6 10. Nd2 O-O 11. Nb3 Re8 12. Bd3 Re1 13. Bg5 Rxa1 14. Nxa1
Nfd7 15. Nh3 h6 16. Re1 Nc6 17. Bd2 Nde5 18. Bc2 Bxh3+ 19. Kxh3 Nxf3 20. Rd1
Nxd2 21. Rxd2 Rd8 22. Nb3 Ne5 23. Be4 c6 24. Bg2 Kf8 25. Nd4 Re8 26. Rf2 Nd3 27.
Rd2 Bxd4 28. cxd4 Nc1 29. a3 Re2 30. Rd1 Nb3 31. Rd3 Nd2 32. b4 Ne4 33. Rb3 Ng5+
34. Kg4 Rxg2 35. h4 Ne6 36. Rd3 Re2 37. Kf3 Re4 38. g4 Rxd4 39. Re3 b6 40. Kg3
c5 41. Rb3 c4 42. Rc3 Rd3+ 43. Rxd3 cxd3 44. Kf3 d4 45. Kf2 Nf4 46. Ke1 Ke7 47.
a4 Kd6 48. g5 hxg5 49. hxg5 Kd5 50. a5 Kc4 51. axb6 axb6 52. Kd2 Kxb4 53. g6
fxg6 54. Kd1 Kc3 55. Kc1 b5 56. Kd1 b4 57. Kc1 b3 58. Kb1 d2 0-1

[Event "AUTO-OPEN-4615"]
[Site "http://www.queenalice.com/game.php?id=1863197"]
[Date "2025.9.19"]
[Round "1"]
[White "tariann"]
[Black "pomar"]
[Result "1-0"]
[WhiteElo "2312"]
[BlackElo "1874"]

1. e4 e6 2. d4 d5 3. Nc3 Bb4 4. e5 c5 5. Bd2 cxd4 6. Nb5 Nc6 7. Bxb4 Nxb4 8.
Nd6+ Kd7 9. Nxf7 Qf8 10. Nxh8 Nc6 11. Nf3 Nh6 12. Be2 Qxh8 13. Bb5 a6 14. Bxc6+
bxc6 15. Nxd4 c5 16. Nf3 Bb7 17. O-O d4 18. c3 Nf5 19. cxd4 Bxf3 20. Qxf3 Nxd4
21. Qb7+ 1-0

[Event "AUTO-ADV-4893"]
[Site "http://www.queenalice.com/game.php?id=1863219"]
[Date "2025.9.20"]
[Round "1"]
[White "rocha"]
[Black "pomar"]
[Result "1-0"]
[WhiteElo "1675"]
[BlackElo "1841"]

1. e4 e6 2. Ne2 d5 3. Nec3 d4 4. Na4 e5 5. Bd3 a6 6. Qh5 Nc6 7. b3 b5 8. Nb2 Nf6
9. Qe2 Bb7 10. Nd1 Nb4 11. Na3 Nxd3+ 12. cxd3 Bb4 13. Nc2 c5 14. a3 Ba5 15. b4
cxb4 16. axb4 Bc7 17. h3 O-O 18. O-O Qe7 19. f3 Bd6 20. Nc3 Bxb4 21. Nd5 Nxd5
22. exd5 Bxd5 23. Ba3 Bxa3 24. Rxa3 b4 25. Nxd4 bxa3 26. Nf5 Qg5 27. Qxe5 Rad8
28. Ne7+ Kh8 29. Qxg5 Be6 30. Qe5 Rxd3 31. Rd1 Bb3 32. Ra1 a2 33. Rc1 f6 34. Qa5
Rfd8 35. Rc8 Rxd2 36. Rxd8+ Rxd8 37. Qxd8+ Bg8 38. Qxg8# 1-0

[Event "AUTO-ADV-4893"]
[Site "http://www.queenalice.com/game.php?id=1863220"]
[Date "2025.9.20"]
[Round "1"]
[White "pomar"]
[Black "rocha"]
[Result "1-0"]
[WhiteElo "1822"]
[BlackElo "1711"]

1. f3 e5 2. Kf2 Bc5+ 3. e3 Qg5 4. g3 Nh6 5. Bb5 Qf5 6. Kg2 c6 7. e4 Qf6 8. Bc4
Ng4 9. Nh3 Nh6 10. Rf1 d6 11. d3 Bxh3+ 12. Kxh3 Nd7 13. f4 Nb6 14. fxe5 Qxe5 15.
c3 O-O-O 16. Bxf7 Rhf8 17. Bxh6 gxh6 18. Qg4+ Kb8 19. Qh4 h5 20. Nd2 Rd7 21.
Bxh5 d5 22. d4 Be7 23. Qg4 Qh8 24. exd5 cxd5 25. Qe6 Rf6 26. Rxf6 Bxf6 27. Rf1
Re7 28. Qxf6 Qxf6 29. Rxf6 Kc7 30. Nf3 Nd7 31. Rh6 Nf8 32. Ne5 Re6 33. Rxe6 Nxe6
34. Bf7 Ng5+ 35. Kg4 Nxf7 36. Nxf7 Kd7 37. Kg5 Ke7 38. Ne5 Kf8 39. Kh6 Kg8 40.
Nf3 b5 41. Ng5 a5 42. Nxh7 1-0

[Event "AUTO-ADV-4893"]
[Site "http://www.queenalice.com/game.php?id=1863237"]
[Date "2025.9.20"]
[Round "1"]
[White "pomar"]
[Black "maurice916"]
[Result "0-1"]
[WhiteElo "1912"]
[BlackElo "1775"]

1. f3 e5 2. Kf2 Bc5+ 3. e3 f5 4. g3 Nf6 5. d4 exd4 6. exd4 Bb6 7. c4 c6 8. b4
Bc7 9. Nc3 O-O 10. Qb3 d6 11. d5 Re8 12. Nge2 cxd5 13. cxd5 Nbd7 14. Nd4 Bb6 15.
Be3 Ne5 16. f4 Neg4+ 17. Kg2 Nxe3+ 18. Kf3 Bxd4 19. Rc1 Bd7 20. b5 Nxf1 21.
Rhxf1 Re3+ 22. Kg2 Qe8 23. Qc4 Bc5 24. Na4 Re2+ 25. Kh1 Ng4 26. Nxc5 Rxh2+ 27.
Kg1 Qe3+ 0-1

[Event "AUTO-ADV-4893"]
[Site "http://www.queenalice.com/game.php?id=1863238"]
[Date "2025.9.20"]
[Round "1"]
[White "maurice916"]
[Black "pomar"]
[Result "0-1"]
[WhiteElo "1776"]
[BlackElo "1849"]

1. Nf3 e6 2. b3 d5 3. Bb2 c5 4. e3 Nc6 5. Bb5 Qb6 6. a4 Bd7 7. O-O Nf6 8. d3 Be7
9. Nbd2 O-O 10. c4 Nb4 11. a5 Qc7 12. Bxd7 Qxd7 13. Qe2 dxc4 14. dxc4 Rfd8 15.
Rfd1 Qc7 16. Bc3 b6 17. axb6 Qxb6 18. Rab1 a5 19. e4 a4 20. bxa4 Rxa4 21. Nf1
Rda8 22. Rb2 Qc6 23. e5 Nd7 24. Bxb4 cxb4 25. Nd4 Qc7 26. Nb5 Qc6 27. Ng3 g6 28.
Rbd2 Nb6 29. Nd6 Bxd6 30. Rxd6 Qc7 31. Ne4 Qxc4 32. Nf6+ Kg7 33. Qf3 R8a6 34.
Qh3 h5 35. Rd8 b3 36. Rg8+ Kh6 37. Qe3+ Qf4 38. Rh8+ Kg5 39. h4+ Kf5 40. Qxb3
Kxe5 41. Nd7+ Nxd7 42. Re1+ Kf6 43. Qb2+ e5 44. Rd8 Ra2 45. Qb5 Qxf2+ 0-1

[Event "Challenge"]
[Site "http://www.queenalice.com/game.php?id=1864039"]
[Date "2025.10.10"]
[Round "-"]
[White "Capixaba789"]
[Black "pomar"]
[Result "1/2-1/2"]
[WhiteElo "1788"]
[BlackElo "1834"]

1. d4 e6 2. c4 d5 3. c5 Nc6 4. Nc3 b6 5. b4 Bd7 6. Nf3 Nxb4 7. a3 Nc6 8. cxb6
axb6 9. e3 Na5 10. Be2 Nf6 11. O-O Nc4 12. Bxc4 dxc4 13. a4 Bc6 14. Bd2 Nd5 15.
Ne5 Bb7 16. f4 Bd6 17. Nxf7 Kxf7 18. Qh5+ Kg8 19. f5 Qd7 20. Nxd5 Bxd5 21. f6
gxf6 22. Rxf6 Qg7 23. Rf2 Qg6 24. Qh4 Kg7 25. a5 bxa5 26. Rxa5 Rxa5 27. Bxa5 Ra8
28. Bc3 Qb1+ 29. Rf1 Qc2 30. Qf6+ Kg8 31. Qf7+ Kh8 32. Qf6+ Kg8 33. Qf7+ Kh8
1/2-1/2

[Event "Challenge"]
[Site "http://www.queenalice.com/game.php?id=1864040"]
[Date "2025.10.10"]
[Round "-"]
[White "pomar"]
[Black "Capixaba789"]
[Result "0-1"]
[WhiteElo "1832"]
[BlackElo "1797"]

1. d3 e5 2. e4 Nf6 3. Bg5 Nc6 4. Nc3 d6 5. Nd5 Be7 6. f4 O-O 7. Bxf6 Bxf6 8.
fxe5 Nxe5 9. Be2 c6 10. Nxf6+ Qxf6 11. d4 Qh4+ 12. Kf1 Ng6 13. Bf3 f5 14. g3 Qf6
15. Kg2 f4 16. Ne2 Qg5 17. Rf1 Nh4+ 18. Kh1 fxg3 19. Nxg3 Nxf3 20. Rxf3 Rxf3 21.
Qxf3 Bd7 22. Qb3+ d5 23. Qxb7 Qd8 24. exd5 cxd5 25. Qxd5+ Kh8 26. Nh5 Qc8 27.
Qe5 Qb7+ 28. Kg1 Bh3 29. d5 Qb6+ 30. Kh1 Rg8 31. Rg1 Qb7 32. Rg3 Qf7 33. Qe2
Qxd5+ 34. Kg1 Qd4+ 35. Re3 Re8 36. Kf2 Rf8+ 37. Kg3 Bd7 38. Rd3 Qg1+ 39. Kh4 g5#
0-1

[Event "AUTO-OPEN-4621"]
[Site "http://www.queenalice.com/game.php?id=1864829"]
[Date "2025.10.28"]
[Round "1"]
[White "jpribeiro"]
[Black "pomar"]
[Result "0-1"]
[WhiteElo "1325"]
[BlackElo "1911"]

1. e4 e6 2. d4 d5 3. Nc3 Bb4 4. e5 c5 5. a3 cxd4 6. Qxd4 Nc6 7. Qg4 Bxc3+ 8.
bxc3 g6 9. Bg5 Qa5 10. Bd2 Nxe5 11. Qd4 f6 12. c4 Qb6 13. Qxb6 axb6 14. Be3 Nxc4
15. Bxc4 dxc4 16. Bxb6 Bd7 0-1

[Event "AUTO-OPEN-4621"]
[Site "http://www.queenalice.com/game.php?id=1864830"]
[Date "2025.10.28"]
[Round "1"]
[White "pomar"]
[Black "jpribeiro"]
[Result "1-0"]
[WhiteElo "1894"]
[BlackElo "1343"]

1. f3 e5 2. Kf2 Bc5+ 3. e3 a6 4. d4 exd4 5. exd4 Qh4+ 6. Ke3 Ba7 7. g3 Qg5+ 8.
Ke2 Qe7+ 9. Kf2 h6 10. Nc3 c5 11. Nge2 1-0